000 00603nam a22001217a 4500
040 _cRUA
082 _aAGR CHI 2010 B041 Or.1
100 _aCHIM, SOVANNA.
245 _aefficiency of using different fertilizers on senpidor rice varity ( ប្រសិទ្ធភាពនៃភាពនៃការប្រើប្រាស់ប្រភេទដីផ្សេងៗគ្នាទៅលើពូជស្រូវផ្កាសែនពិដោរ)
260 _aPhnom Penh
_bRUA
_c2010
856 _uhttps://drive.google.com/file/d/1vNfqIPRyu6rpw6LM62GVzOLXd9lBgm0w/view?usp=sharing
942 _cAGR
999 _c921
_d921